000
00263nam a2200109Ia 4500
005
20251222114400.0
008
251222s1900||||xx |||||||||||||| ||spa||
082
_a
DVD0070/N49/2003
245
0
_a
La sonrisa de Mona Lisa
264
_b
Revolution Studios
942
_c
DVD
999
_c
1598
_d
1598